000 00561nam a2200229Ia 4500
003 OSt
005 20221005115152.0
006 a|||||r|||| 00| 0
007 ta
008 221004b |||||||| |||| 00| 0 eng d
024 _a51196
037 _cTextual
040 _aCRL
_cCRL
_beng
041 _2eng
_aeng
082 _aQ4, E4
100 _aSaint-Hilaire J. Barthelemy
245 0 _aBuddha and his religion
260 _c1914
650 _aRELIGION
942 _hQ4, E4
_cTEXL
_2cc
999 _c1033635
_d1033635